| 000 | 00649cam a22002291 4500 | ||
|---|---|---|---|
| 001 | rc 01001327 | ||
| 003 | DLC | ||
| 005 | 20260227111903.0 | ||
| 008 | 730808s1888 maub 000 0 eng | ||
| 010 | _arc 01001327 | ||
| 035 | _a(OCoLC)674452 | ||
| 040 |
_aDLC _cOYU _dNcRS _dDLC |
||
| 042 | _apremarc | ||
| 050 | 0 | 0 |
_aF466 _b.C31 |
| 100 | 1 |
_aCarr, Lucien, _d1829-1915. |
|
| 245 | 1 | 0 |
_aMissouri, a bone of contention; _cby Lucien Carr. |
| 260 |
_aBoston, _bHoughton, Mifflin, _c1888. |
||
| 300 |
_ax, 377 p. _b(fold. map) _c18 cm. |
||
| 490 | 0 | _aAmerican commonwealths | |
| 500 | _aSeries title at head of t.-p. | ||
| 651 | 0 |
_aMissouri _xHistory. |
|
| 999 |
_c52060 _d52060 |
||